000 00321nam a2200133Ia 4500
008 240624s9999 xx 000 0 und d
041 _aeng
082 _a823 CUS
100 _aCUSSLER CLIVE
245 _aPIRATE A FARGO ADVENTURE
260 _c2017
_aNew Delhi
_bPenguin
300 _aviii, 400 p.; 21 cm.
365 _cRS
999 _c29456
_d29456